<?xml version="1.0" encoding="UTF-8"?>
<record
    xmlns:xsi="http://www.w3.org/2001/XMLSchema-instance"
    xsi:schemaLocation="http://www.loc.gov/MARC21/slim http://www.loc.gov/standards/marcxml/schema/MARC21slim.xsd"
    xmlns="http://www.loc.gov/MARC21/slim">

  <leader>02803nam a22001697a 4500</leader>
  <controlfield tag="008">150728b        xxu||||| |||| 00| 0 eng d</controlfield>
  <datafield tag="020" ind1=" " ind2=" ">
    <subfield code="a">9780073526232</subfield>
  </datafield>
  <datafield tag="050" ind1=" " ind2=" ">
    <subfield code="a">HM1221.B538</subfield>
  </datafield>
  <datafield tag="100" ind1=" " ind2=" ">
    <subfield code="a">BIVINS, Thomas H.</subfield>
  </datafield>
  <datafield tag="245" ind1=" " ind2=" ">
    <subfield code="a">Public relations writing: The essentials of style and format. /</subfield>
    <subfield code="c">Thomas H. Bivins</subfield>
  </datafield>
  <datafield tag="250" ind1=" " ind2=" ">
    <subfield code="a">8th ed.</subfield>
  </datafield>
  <datafield tag="260" ind1=" " ind2=" ">
    <subfield code="a">New York:</subfield>
    <subfield code="b">McGraw Hill,</subfield>
    <subfield code="c">2014.</subfield>
  </datafield>
  <datafield tag="300" ind1=" " ind2=" ">
    <subfield code="a">xv, 329.:</subfield>
    <subfield code="b">ills.;</subfield>
    <subfield code="c">23cm.</subfield>
  </datafield>
  <datafield tag="500" ind1=" " ind2=" ">
    <subfield code="a">Includes index.</subfield>
  </datafield>
  <datafield tag="505" ind1=" " ind2=" ">
    <subfield code="a">Contents: Writing for public relations: What is public relations? -- What is public relations writing? -- Tools of the public relations writer -- The Process of public relations writing -- Key terms -- Ethical and legal issues in public relations writing: Ethical considerations of persuasion -- Public relations and the internet -- The Legal aspects of public relations writing -- Key terms -- Planning and research: Developing an issue statement -- Researching the topic -- Analyzing the target audience -- Audience definition worksheet --  Setting objectives -- Evaluation -- Timeline -- Budgeting -- Key terms -- Choosing the right message and medium: The process of persuasion -- Elaboration likelihood method -- Persuasive strategies -- Choosing the appropriate medium or media -- Negotiating media buys -- Buying the internet -- Learning to adapt -- Key terms -- Media relations and placement: What is news? -- Working with the media -- Media placement -- Media kits -- Digital media kits -- Creating an online newsroom -- The social media approach -- Key terms -- Writing for the web and social media: The changing landscape -- Blogs and blogging -- Key terms -- News releases and related materials: What is a news release? -- Writing a news release -- News release format -- Types of news releases -- Writing news releases for broadcast -- Pitch letters and media advisories -- The digital news release -- Backgrounders -- Fact sheets -- Key terms -- Controlled publications: Newsletters -- Creating a digital newsletter -- Magazines -- Trade journals -- Feature writing for newsletters and magazines -- Editorial considerations for display copy -- Editing your articles -- Evaluation -- Brochures -- Other information pieces -- Key terms -- Design, printing, and desktop publishing: Design: What it is and why it might be greek to u -- Designing public relations materials -- Principles of design -- Working with professional printers -- A word on desktop publishing -- Print scheduling and budgeting -- Key terms -- Television and radio: Reaching broadcast audiences -- Writing for television -- Writing for radio -- Key terms -- Speeches and presentations: Types of speeches -- Modes of delivery -- Preparation and writing -- Delivery -- The question-and-answer session -- Presentation materials -- Key terms.</subfield>
  </datafield>
  <datafield tag="942" ind1=" " ind2=" ">
    <subfield code="2">lcc</subfield>
    <subfield code="c">BK</subfield>
  </datafield>
  <datafield tag="999" ind1=" " ind2=" ">
    <subfield code="c">5682</subfield>
    <subfield code="d">13182</subfield>
  </datafield>
  <datafield tag="952" ind1=" " ind2=" ">
    <subfield code="0">0</subfield>
    <subfield code="1">0</subfield>
    <subfield code="2">lcc</subfield>
    <subfield code="4">0</subfield>
    <subfield code="7">0</subfield>
    <subfield code="a">WIUC-1</subfield>
    <subfield code="b">WIUC-1</subfield>
    <subfield code="c">REF</subfield>
    <subfield code="d">2015-07-28</subfield>
    <subfield code="l">0</subfield>
    <subfield code="o">HM1221.B538</subfield>
    <subfield code="p">7923/350/15</subfield>
    <subfield code="r">2015-07-28 00:00:00</subfield>
    <subfield code="w">2015-07-28</subfield>
    <subfield code="y">BK</subfield>
  </datafield>
</record>
